000 00750nam a2200277Ia 4500
005 20260324111933.0
008 008 260324s9999 xx 000 0 eng d
020 _a9781032620497
037 _aEBOOK
040 _aCRL
040 _beng
040 _cCRL
041 _2eng
041 _aeng
084 _qCRL
100 _aAgustín Reyes-Torres; María Estela Brisk; Manel Lacorte
_91140631
245 0 _aMultiliteracies, Multimodality, and Learning by Design in Second Language Learning and Teacher Education
260 _bTaylor and Francis
260 _c2025
365 _a
365 _b230
856 _uhttp://www.taylorfrancis.com/books/9781032620497
942 _cEBOOK
999 _c1729630
_d1729630